<?xml version="1.0" encoding="UTF-8"?>
<record
    xmlns:xsi="http://www.w3.org/2001/XMLSchema-instance"
    xsi:schemaLocation="http://www.loc.gov/MARC21/slim http://www.loc.gov/standards/marcxml/schema/MARC21slim.xsd"
    xmlns="http://www.loc.gov/MARC21/slim">

  <leader>00674cam a22002171  4500</leader>
  <controlfield tag="001">ne 66001487 </controlfield>
  <controlfield tag="003">DLC</controlfield>
  <controlfield tag="005">20260227111825.0</controlfield>
  <controlfield tag="008">840116s1965    ua            000 0 arar </controlfield>
  <datafield tag="010" ind1=" " ind2=" ">
    <subfield code="a">ne 66001487 </subfield>
  </datafield>
  <datafield tag="035" ind1=" " ind2=" ">
    <subfield code="a">(OCoLC)10304972</subfield>
  </datafield>
  <datafield tag="040" ind1=" " ind2=" ">
    <subfield code="a">DLC</subfield>
    <subfield code="c">TxU</subfield>
    <subfield code="d">TxU</subfield>
    <subfield code="d">OCoLC</subfield>
    <subfield code="d">DLC</subfield>
  </datafield>
  <datafield tag="042" ind1=" " ind2=" ">
    <subfield code="a">premarc</subfield>
  </datafield>
  <datafield tag="050" ind1="0" ind2="0">
    <subfield code="a">HC59.7</subfield>
    <subfield code="b">.L78</subfield>
  </datafield>
  <datafield tag="100" ind1="1" ind2=" ">
    <subfield code="a">Lu&#x1E6D;f&#x12B;, &#x2BB;Al&#x12B;.</subfield>
  </datafield>
  <datafield tag="245" ind1="1" ind2="0">
    <subfield code="a">Mu&#x2BC;ashshir&#x101;t al-takhalluf al-iqti&#x1E63;&#x101;d&#x12B;,</subfield>
    <subfield code="b">dir&#x101;sah ta&#x1E25;l&#x12B;l&#x12B;yah</subfield>
    <subfield code="c">[ta&#x2BC;l&#x12B;f] &#x2BB;Al&#x12B; Lu&#x1E6D;f&#x12B;.</subfield>
  </datafield>
  <datafield tag="260" ind1=" " ind2=" ">
    <subfield code="a">[al-Q&#x101;hirah]</subfield>
    <subfield code="b">Ma&#x1E6D;ba&#x2BB;at Lajnat al-Bay&#x101;n al-&#x2BB;Arab&#x12B;,</subfield>
    <subfield code="c">1965.</subfield>
  </datafield>
  <datafield tag="300" ind1=" " ind2=" ">
    <subfield code="a">79 p.</subfield>
    <subfield code="c">24 cm.</subfield>
  </datafield>
  <datafield tag="504" ind1=" " ind2=" ">
    <subfield code="a">Bibliography: p. [76]-[77]</subfield>
  </datafield>
  <datafield tag="651" ind1=" " ind2="0">
    <subfield code="a">Developing countries.</subfield>
  </datafield>
  <datafield tag="999" ind1=" " ind2=" ">
    <subfield code="c">49074</subfield>
    <subfield code="d">49074</subfield>
  </datafield>
</record>
